献给旅行者365日 (Record no. 66622)

000 -LEADER
fixed length control field 00528nam a22001937a 4500
003 - CONTROL NUMBER IDENTIFIER
control field MPLRDC
005 - DATE AND TIME OF LATEST TRANSACTION
control field 20220104200300.0
008 - FIXED-LENGTH DATA ELEMENTS--GENERAL INFORMATION
fixed length control field 210129b ||||| |||| 00| 0 eng d
020 ## - INTERNATIONAL STANDARD BOOK NUMBER
International Standard Book Number 978-986-85015-2-2
082 ## - DEWEY DECIMAL CLASSIFICATION NUMBER
Classification number 224.518 CMH
100 ## - MAIN ENTRY--PERSONAL NAME
Personal name 蔡孟桦 主编
245 ## - TITLE STATEMENT
Title 献给旅行者365日
Statement of responsibility, etc. 星云大师 总监修
250 ## - EDITION STATEMENT
Edition statement 初版四刷
260 ## - PUBLICATION, DISTRIBUTION, ETC.
Place of publication, distribution, etc. 台湾
Name of publisher, distributor, etc. 佛光出版社
Date of publication, distribution, etc. 2015
300 ## - PHYSICAL DESCRIPTION
Other physical details
490 ## - SERIES STATEMENT
Series statement 人间佛教读本
650 ## - SUBJECT ADDED ENTRY--TOPICAL TERM
Topical term or geographic name entry element 佛教语文--杂著; 佛教宝典
942 ## - ADDED ENTRY ELEMENTS (KOHA)
Koha item type Book
-- 224.518 CMH
Holdings
Withdrawn status Lost status Source of classification or shelving scheme Damaged status Not for loan Collection code Home library Current library Shelving location Date acquired Cost, normal purchase price Total Checkouts Full call number Barcode Date last seen Date last checked out Price effective from Koha item type Public note
            Malaysian Public Library, Research and Development Centre Malaysian Public Library, Research and Development Centre   05/08/2016 43.00   224.518 CMH 00060063 18/03/2021 07/04/2018 18/03/2021 Book mplrdc

© 2022. Malaysian Public Library, Research and Development Centre. All Right ReservedE-mailmplrdc@help.edu.my 

Powered by Koha